000 00603nam a22001937a 4500
999 _c20311
_d20311
003 BDDh-ASL
005 20231015025854.0
008 201229s1954 pk ||||| |||| 00| 0 eng d
040 _cBDDh-ASL
082 _a297
_bYOI
100 1 _92646
_aEl-Digwy, Shikh Youssef
_cProf.
245 0 0 _aIslam The Ideal Religion /
260 _aLahore:
_bOrientalia,
_c1954.
300 _a179 p.:
_c21 cm.
650 0 _91652
_aIslam
650 0 _aReligion, ধর্ম, Dharma, faith, creed, law, worship, property, আস্তিকতা, দীন
_92606
700 1 _92647
_aHusny, Aly Z.
942 _2ddc
_cBK